Creating web sites : (Record no. 6924)
[ view plain ]
| 000 -LEADER | |
|---|---|
| fixed length control field | 00579nam a22002052 4500 |
| 001 - CONTROL NUMBER | |
| control field | 0000005222 |
| 005 - DATE AND TIME OF LATEST TRANSACTION | |
| control field | 20151217151956.0 |
| 008 - FIXED-LENGTH DATA ELEMENTS--GENERAL INFORMATION | |
| fixed length control field | 070608s xx 000 0 eng d |
| 020 ## - INTERNATIONAL STANDARD BOOK NUMBER | |
| International Standard Book Number | 8184040180 : |
| Terms of availability | KES 2,900 |
| 040 ## - CATALOGING SOURCE | |
| Original cataloging agency | KABU |
| Transcribing agency | KABU |
| 050 #0 - LIBRARY OF CONGRESS CALL NUMBER | |
| Classification number | TK5105.888 |
| Item number | .M33 |
| 100 1# - MAIN ENTRY--PERSONAL NAME | |
| Personal name | MacDonald, Mathew. |
| -- | 0000156390 |
| 245 10 - TITLE STATEMENT | |
| Title | Creating web sites : |
| Remainder of title | the missing manual. |
| 260 ## - PUBLICATION, DISTRIBUTION, ETC. (IMPRINT) | |
| Place of publication, distribution, etc. | Mumbai : |
| Name of publisher, distributor, etc. | SPD, |
| Date of publication, distribution, etc. | 2006. |
| 300 ## - PHYSICAL DESCRIPTION | |
| Extent | ix, 548 p. |
| 650 #0 - SUBJECT ADDED ENTRY--TOPICAL TERM | |
| Topical term or geographic name as entry element | Web sites |
| General subdivision | Design. |
| -- | 0000156389 |
| 908 ## - PUT COMMAND PARAMETER (RLIN) | |
| Put command parameter | 070608 |
| 950 ## - LOCAL HOLDINGS (RLIN) | |
| -- | 1 |
| Withdrawn status | Lost status | Source of classification or shelving scheme | Not for loan | Home library | Current library | Date acquired | Total Checkouts | Full call number | Barcode | Date last seen | Price effective from | Koha item type |
|---|---|---|---|---|---|---|---|---|---|---|---|---|
| Library of Congress Classification | Kabarak, Main Campus | Kabarak, Main Campus | 17/12/2015 | TK5105.888 .M33 | 008240 | 17/12/2015 | 17/12/2015 | General Collection |